| 000 | 01854nam0a2200373 4500 | ||
|---|---|---|---|
| 001 | RU\NLR\bibl\1065323 | ||
| 005 | 20250615041756.0 | ||
| 010 |
_a5-9030-4721-1 _92000 |
||
| 021 |
_aRU _b2007-8512 _9451 |
||
| 035 | _a(nilc)RSL-KNO-003044672 | ||
| 035 | _a(NLR Aleph) 001052576 | ||
| 090 |
_a887986 _c887986 |
||
| 100 | _a20070301d2007 |||y0rusy50 ca | ||
| 101 | 0 | _arus | |
| 102 | _aRU | ||
| 105 | _aa zzzz||||| | ||
| 106 | _ar | ||
| 200 | 1 |
_aДачная амнистия. Как собрать документы и оформить недвижимость _e[комментарий юриста, рекомендации к действиям, необходимые документы для проведения] |
|
| 210 |
_aМосква _cА-Приор _d2007 |
||
| 215 |
_a126 с. _cтабл. _d21 |
||
| 517 | 0 | _aКак собрать документы и оформить недвижимость | |
| 606 | 1 |
_aЗемельные участки _xПриватизация _yРоссийская Федерация _92403373 _3RU\NLR\auth\661432473 |
|
| 610 | 0 | _aГосударство и право. Юридические науки -- Земельное право -- Российская Федерация -- Землеустройство и землеустроительный процесс -- Справочник | |
| 610 | 0 | _aГосударство и право. Юридические науки -- Гражданское право -- Российская Федерация -- Право собственности -- Справочник | |
| 686 |
_aХ625.1я2 _2rubbk |
||
| 686 |
_aХ623.1я2 _2rubbk |
||
| 686 | _aХ625.231 | ||
| 686 | _aХ623.16 | ||
| 801 | 0 |
_aRU _bРКП _c20070301 _grcr |
|
| 801 | 1 |
_aRU _bРГБ _c20070301 |
|
| 801 | 2 |
_aRU _bNLR _c20070328 _grcr |
|
| 942 | _cBOOK | ||
| 980 | _aNB | ||